| 000 | 07414cam a22009614i 4500 | ||
|---|---|---|---|
| 003 | PE-LiUPU | ||
| 005 | 20250731173526.0 | ||
| 008 | 150616s1955 ag rb 000 0 spa d | ||
| 035 | _a(Sirsi) a8548 | ||
| 040 |
_aPE-LiUPU _bspa _cPE-LiUPU _erda |
||
| 049 | _aPRUA | ||
| 050 |
_aBX6146 _b.P37 |
||
| 082 | 0 | 4 |
_a286.7325 _bPP _221 |
| 100 | 1 |
_aWhite, Elena G. de, _eautor. |
|
| 245 | 1 | 0 |
_aHistoria de los Patriarcas y Profetas / _cElena G. de White. |
| 264 | 1 |
_aBuenos Aires : _bACES, _c1955. |
|
| 300 |
_a862 páginas ; _c18 centímetros |
||
| 336 |
_atext _2rdacontent |
||
| 337 |
_aunmediated _2rdamedia |
||
| 338 |
_avolume _2rdacarrier |
||
| 500 | _aEl ejemplar 05 es edición 2001. | ||
| 505 | 0 | _aEl origen del mal -- La creación -- La tentación y la caída -- El plan de redención -- Caín y Abel probados -- Set y Enoc -- El diluvio -- Después del diluvio -- La semana literal -- La torre de Babel -- El llamamiento de Abraham -- Abrahán en Canaán -- La prueba de la fe -- La destrucción de Sodoma -- El casamiento de Isaac -- Jacob y Esaú -- Huida y destierro de Jacob -- La noche de lucha -- El regreso a Canaán -- José en Egipto -- José y sus hermanos -- Moisés -- Las plagas de Egipto -- La pascua -- El Éxodo -- Del mar rojo a Sinaí -- La enemistad de satanás hacia la ley -- El tabernáculo y sus servicios -- El pecado de Nadab y Abiú -- La ley y los dos pactos -- Del Sinaí a cades -- Balaam -- La alianza con los gabaonitas -- Los diezmos y las ofrendas -- El niño Samuel -- David y Goliat -- La muerte de Saúl -- La rebelión de Absalón -- Los últimos años de David. | |
| 526 | _aSEG42 | ||
| 526 | _aSEG41 | ||
| 526 | _aSEG40 | ||
| 526 | _aSEG39 | ||
| 526 | _aP94 | ||
| 526 | _aP87 | ||
| 526 | _aP86 | ||
| 526 | _aP85 | ||
| 526 | _aP77 | ||
| 526 | _aP76 | ||
| 526 | _aP35 | ||
| 541 | _g001-0000525; | ||
| 630 |
_aBiblia. _pA.T. _pProfetas _xComentarios. |
||
| 650 | 0 | 4 | _aPatriarcas bíblicos. |
| 650 | 0 | 4 | _aBiblical Patriarchs |
| 910 |
_ajck _bjvq _cjck |
||
| 910 |
_btqv _cwelc _d20170509 |
||
| 942 |
_2ddc _cBOOK |
||
| 949 |
_a286.7325 PP _wDEWEY _c1 _i54298 _lCCODEBUL1 _mBUL _pdollar12.68 _r0 _sY _tBOOK _u19751021 _xBIBLIOTECA _zUNKNOWN _0COMPRA _o.STAFF. Colección Teología |
||
| 949 |
_a286.7325 PP _wDEWEY _c2 _i14379 _lCCODEBUL1 _mBUL _pdollar12.68 _r0 _sY _tBOOK _u19751021 _xBIBLIOTECA _zUNKNOWN _0COMPRA _o.STAFF. Colección Teología |
||
| 949 |
_a286.7325 PP _wDEWEY _c3 _i47949 _lCCODEBUL1 _mBUL _pdollar12.68 _r0 _sY _tBOOK _u19751021 _xBIBLIOTECA _zUNKNOWN _0COMPRA _o.STAFF. Colección Teología |
||
| 949 |
_a286.7325 PP _wDEWEY _c4 _i54244 _lCCODEBUL1 _mBUL _pdollar12.68 _r0 _sY _tBOOK _u19751021 _xBIBLIOTECA _zUNKNOWN _0COMPRA _o.STAFF. Colección Teología |
||
| 949 |
_a286.7325 PP _wDEWEY _c5 _i54038 _lCCODEBUL1 _mBUL _pdollar12.68 _r0 _sY _tBOOK _u19751021 _xBIBLIOTECA _zUNKNOWN _0COMPRA _o.STAFF. Colección Teología |
||
| 949 |
_a286.7325 PP _wDEWEY _c6 _i63335 _lCCODEBUL1 _mBUL _pdollar12 _r0 _sY _tBOOK _u20110810 _xTEOLOGIA _PP35 _0COMPRA _o.STAFF. Colección Teología |
||
| 949 |
_a286.7325 PP _wDEWEY _c7 _i54295 _lCCODEBUL1 _mBUL _pdollar12.68 _r0 _sY _tBOOK _u19751021 _xBIBLIOTECA _zUNKNOWN _0COMPRA _o.STAFF. Colección Teología |
||
| 949 |
_a286.7325 PP _wDEWEY _c8 _i54296 _lCCODEBUL1 _mBUL _pdollar12.68 _r0 _sY _tBOOK _u19751021 _xBIBLIOTECA _zUNKNOWN _0COMPRA _o.STAFF. Colección Teología |
||
| 949 |
_a286.7325 PP _wDEWEY _c9 _i54297 _lCCODEBUL1 _mBUL _pdollar12.68 _r0 _sY _tBOOK _u19751021 _xBIBLIOTECA _zUNKNOWN _0COMPRA _o.STAFF. Colección Teología |
||
| 949 |
_aW286.7325 PP 1955 _wDEWEY _c1 _iFJ07809 _lCCODECWJ1 _mBUJ _p13.00 _r0 _sY _tBOOK _u2017-05-09 _xBIBLIOTECA _zUNKNOWN _0COMPRA _o.STAFF. Teología |
||
| 949 |
_aW286.7325 PP 1955 _wDEWEY _c2 _iFJ09444 _lCCODECWJ1 _mBUJ _p13.00 _r0 _sY _tBOOK _u2017-12-07 _xBIBLIOTECA _zUNKNOWN _0COMPRA _o.STAFF. Colección General Juliaca |
||
| 949 |
_aW286.7325 PP 1955 _wDEWEY _c3 _iFJ09450 _lCCODECWJ1 _mBUJ _p15.00 _r0 _sY _tBOOK _u2017-12-07 _xBIBLIOTECA _zUNKNOWN _0COMPRA _o.STAFF. Colección General Juliaca |
||
| 949 |
_aW286.7325 PP 1955 _wDEWEY _c1 _iFJ12913 _lCCODEBUJ1 _mBUJ _p15.00 _r0 _sY _tBOOK _u2019-07-08 _xEDUCACIÓN _PP14 _o.STAFF -- Colección General Juliaca |
||
| 994 |
_aC0 _bPEPRU |
||
| 596 | _a1 3 4 | ||
| 999 |
_a286.7325 PP _wDEWEY _c59912 _i54244 _d59912 _e2018-8-22 _f2021-11-11 _g5 _lCCODEBUL1 _mBUL _n20 _p12.68 _q18 _r0 _sY _tBOOK _u2015-6-16 _xTEOLOGIA _PP35 _0COMPRA _o.STAFF. Colección Teología |
||
| 999 |
_a286.7325 PP _wDEWEY _c5 _i54038 _lLOST _mBUL _p12.68 _r1 _sY _tBOOK _u2015-6-16 _xBIBLIOTECA _zUNKNOWN _0COMPRA _o.STAFF. Colección General |
||
| 999 |
_a286.7325 PP _wDEWEY _c6 _i63335 _lLOST _mBUL _r1 _sY _tBOOK _u2015-6-16 _xTEOLOGIA _PP35 _0COMPRA _o.STAFF. Colección General |
||
| 999 |
_a286.7325 PP _wDEWEY _c7 _i54295 _d2019-9-29 _e2019-9-22 _f2021-11-11 _g5 _lCCODEBUL1 _mBUL _n29 _p12.68 _q15 _r0 _sY _tBOOK _u2015-6-16 _xTEOLOGIA _PP35 _0COMPRA _o.STAFF. Colección Teología |
||
| 999 |
_a286.7325 PP _wDEWEY _c8 _i54296 _d2019-5-13 _e2019-5-7 _f2019-12-11 _g3 _lDISCARD _mBUL _n30 _p12.68 _q5 _r0 _sY _tBOOK _u2015-6-16 _xTEOLOGIA _PP35 _0COMPRA _o.STAFF. Colección Teología |
||
| 999 |
_a286.7325 PP _wDEWEY _c9 _i54297 _d2019-6-24 _e2019-6-20 _f2019-12-11 _g3 _lDISCARD _mBUL _n24 _p12.68 _q3 _r0 _sY _tBOOK _u2015-6-16 _xTEOLOGIA _PP35 _0COMPRA _o.STAFF. Colección Teología |
||
| 999 |
_a286.7325 PP _wDEWEY _c10 _i22371 _d2019-11-18 _e2019-5-22 _f2019-12-11 _g1 _lDISCARD _mBUL _n3 _p12.68 _q5 _r0 _sY _tBOOK _u2018-9-25 _xTEOLOGIA _PP35 _0COMPRA _o.STAFF. Colección Teología |
||
| 999 |
_aW286.7325 PP 1955 _wDEWEY _c1 _iFJ07809 _d2018-9-27 _e2018-9-26 _f2022-2-2 _g4 _lCCODECWJ1 _mBUJ _n1 _p13.00 _q2 _r0 _sY _tBOOK _u2017-5-9 _xBIBLIOTECA _zUNKNOWN _0COMPRA _o.STAFF. Colección General Juliaca |
||
| 999 |
_aW286.7325 PP 1955 _wDEWEY _c2 _iFJ09444 _d2018-6-17 _f2022-2-2 _g4 _lCCODECWJ1 _mBUJ _p13.00 _q1 _r0 _sY _tBOOK _u2017-12-7 _xBIBLIOTECA _zUNKNOWN _0COMPRA _o.STAFF. Colección General Juliaca |
||
| 999 |
_aW286.7325 PP 1955 _wDEWEY _c3 _iFJ09450 _f2022-2-2 _g4 _lCCODEBUJ1 _mBUJ _p15.00 _r0 _sY _tBOOK _u2017-12-7 _xBIBLIOTECA _zUNKNOWN _0COMPRA _o.STAFF. Colección General Juliaca |
||
| 999 |
_aW286.7325 PP 1955 _wDEWEY _c4 _iFJ12913 _d2019-8-14 _f2022-2-2 _g2 _lCCODEBUJ1 _mBUJ _p15.00 _q1 _r0 _sY _tBOOK _u2019-7-8 _xBIBLIOTECA _zUNKNOWN _0COMPRA _o.STAFF. Colección General Juliaca |
||
| 999 |
_a286.7325 PP 1985 _wDEWEY _c1 _iCW54298 _f2021-12-21 _g2 _lCCODECWL1 _mBWL _p12.68 _r1 _sY _tBOOK _u2015-6-16 _xWHITE _zUNKNOWN _0COMPRA _o.STAFF. Centro White |
||
| 999 |
_a286.7325 PP 1985 _wDEWEY _c3 _iCW47949 _lRCG _mBWL _p12.68 _r1 _sY _tBOOK _u2015-6-16 _xWHITE _zUNKNOWN _0COMPRA _o.STAFF. Centro White |
||
| 999 |
_a286.7325 PP 1955 _wDEWEY _c1 _iCW14379 _f2021-12-21 _g2 _lCCODECWL1 _mBWL _p20.00 _r1 _sY _tBOOK _u2017-10-16 _xWHITE _zUNKNOWN _0COMPRA _o.STAFF. Centro White |
||
| 999 |
_a286.7325 PP 2007 _wDEWEY _c1 _iCW00384 _f2021-12-21 _g2 _lCCODECWL1 _mBWL _r0 _sY _tBOOK _u2018-1-12 _xWHITE _zUNKNOWN _0COMPRA _o.STAFF. Centro White |
||
| 980 |
_81 _gALBERTO SANCHEZ Responsable de Automatización |
||